Deutsche Städte mit den meisten Straftaten 2021 - Top 25 - Statistiken

Allgemein
  • Dieses Quiz wurde 264 mal gespielt
  • Das Durchschnittsergebnis liegt bei 7 aus 25
Antwortstatistiken
Top 25 Städte % Korrekt
München
80%
Essen
57%
Nürnberg
51%
Offenbach am Main
42%
Mainz
41%
Augsburg
38%
Wiesbaden
34%
Ingolstadt
31%
Bielefeld
30%
Würzburg
30%
Fürth
29%
Darmstadt
28%
Oberhausen
26%
Jena
22%
Leverkusen
21%
Erlangen
20%
Oldenburg
20%
Solingen
18%
Wolfsburg
16%
Mülheim an der Ruhr
15%
Bottrop
13%
Heilbronn
12%
Remscheid
11%
Salzgitter
10%
Pforzheim
9%
Keine übereinstimmenden Quizze gefunden
Verteilung der Resultate
Anzahl Personen mit jedem Resultat
Perzentil nach korrekt beantworteten Fragen
Ihre Resultats-Entwicklung
Sie haben dieses Quiz noch nicht gespielt